Statistiques concernant Qualifications Coupes du Monde de Football: Plus gros scores

Cliquez ici pour prendre le quiz!

Statistiques générales

  • Ce quiz a été pris 79 fois
  • Le résultat moyen est 58 sur 123

Statistiques - réponses

Réponse% Correct
France
94%
Brésil
87%
Allemagne
82%
RFA
82%
Australie
80%
Angleterre
79%
Espagne
77%
Japon
77%
Etats-Unis
75%
Corée du Sud
73%
Portugal
73%
Chine
72%
Saint-Marin
70%
Nouvelle-Zélande
69%
Pays-Bas
69%
Belgique
68%
Iran
68%
Suède
68%
Gibraltar
66%
Mexique
66%
Danemark
65%
Norvège
65%
Canada
63%
Kazakhstan
63%
Luxembourg
63%
Qatar
63%
Roumanie
62%
Arabie Saoudite
61%
Irak
61%
Jamaïque
61%
Pologne
61%
Turquie
61%
Algérie
59%
Hongrie
59%
Indonésie
58%
Tonga
58%
Fidji
56%
Finlande
56%
Islande
56%
Liechtenstein
56%
Samoa
56%
Haïti
55%
Honduras
55%
Autriche
54%
Grèce
54%
Panama
54%
Chypre
52%
Ecosse
52%
Malte
52%
Vanuatu
52%
URSS
51%
Koweït
49%
Pakistan
49%
Tuvalu
49%
Bolivie
48%
Laos
48%
Ouzbékistan
48%
RD Congo
48%
Ukraine
48%
Afghanistan
46%
Albanie
46%
Oman
46%
Taïwan
46%
Bhoutan
45%
Macédoine
45%
Saint-Vincent-et-les-Grenadines
45%
Tadjikistan
45%
Biélorussie
44%
Cambodge
44%
Emirats Arabes Unis
44%
Guatemala
44%
Mongolie
44%
Syrie
44%
Iles Salomon
42%
Népal
42%
Sainte-Lucie
42%
Salvador
42%
Trinité-et-Tobago
42%
Turkménistan
42%
Yougoslavie
42%
Bangladesh
41%
Birmanie
41%
Jordanie
41%
Malaisie
41%
Moldavie
41%
République Dominicaine
41%
Azerbaïdjan
39%
Bahamas
39%
Côte d'Ivoire
39%
Saint-Christophe-et-Niévès
39%
Bahreïn
38%
Libye
38%
Papouasie-Nouvelle-Guinée
38%
Brunei
37%
Timor Oriental
37%
Philippines
35%
Antigua-et-Barbuda
34%
Djibouti
34%
Dominique
34%
Sri Lanka
34%
Barbade
32%
Grenade
32%
Maldives
32%
Seychelles
32%
Sao Tomé-et-Principe
27%
Palestine
25%
Tahiti
24%
RDA
23%
Iles Cook
20%
Nouvelle-Calédonie
20%
Hong Kong
18%
Guam
17%
Samoa Américaines
15%
Macao
14%
Antilles Néerlandaises
13%
Curaçao
13%
Anguilla
11%
Iles Vierges Britanniques
11%
Iles Vierges des États-Unis
11%
Iles Caïmans
10%
Bermudes
8%
Montserrat
8%
Iles Turques-et-Caïques
7%

Distribution des résultats

Percentile par nombre de réponses

% des personnes avec chaque résultat

Votre développement - résultats

Vous n’avez pas pris ce quiz